[Event "Utrecht OKU op 50th"]
[Site "Utrecht"]
[Date "2025.05.30"]
[Round "1"]
[White "Guillaumond, Matthieu"]
[Black "Ratsma, Midas"]
[Result "0-1"]
[WhiteElo "1974"]
[BlackElo "2276"]
[PlyCount "50"]
[EventDate "2025.05.30"]
[EventType "swiss"]
[EventRounds "6"]
[EventCountry "NED"]
[SourceTitle "CB23_2025"]
[SourceDate "2025.06.04"]
[SourceVersion "1"]
[SourceVersionDate "2025.06.04"]
[SourceQuality "1"]

1. e4 e5 2. Nf3 Nc6 3. d4 exd4 4. Nxd4 Nf6 5. Nxc6 bxc6 6. e5 Qe7 7. Qe2 Nd5 8. c4 Ba6 9. b3 g6 10. f4 g5 11. Qe4 Nxf4 12. Bxf4 gxf4 13. Nd2 Bg7 14. 0-0-0 Bxe5 15. Re1 f6 16. Nf3 Qa3+ 17. Kd1 0-0-0 18. Nxe5 Rhe8 19. Re2 fxe5 20. Rd2 Bb7 21. Be2 c5 22. Qxh7 Bxg2 23. Rg1 f3 24. Bf1 Bxf1 25. Rxf1 e4 0-1